|
|
|
|
| LEADER |
00711nab a2200193 i 4500 |
| 001 |
publ12392 |
| 005 |
20200130123229.0 |
| 008 |
171212s2017 hu o 0|| zxx d |
| 022 |
|
|
|a 0017-6036
|
| 024 |
7 |
|
|a 3287108
|2 mtmt
|
| 040 |
|
|
|a SZTE Publicatio Repozitórium
|b hun
|
| 041 |
|
|
|a zxx
|
| 100 |
1 |
|
|a Benkő Ria
|
| 245 |
1 |
0 |
|a Ajánlások lokális kortikoszteroid készítmények orvosi vényre történő expediálása esetén
|h [elektronikus dokumentum] /
|c Benkő Ria
|
| 260 |
|
|
|a Magyar Gyógyszerésztudományi Társaság
|c 2017
|
| 300 |
|
|
|a 603-606
|
| 490 |
0 |
|
|a Gyógyszerészet
|v 61 No. 10
|
| 700 |
0 |
1 |
|a Soós Gyöngyvér
|e aut
|
| 856 |
4 |
0 |
|u http://publicatio.bibl.u-szeged.hu/12392/1/Benko-1710.pdf
|z Dokumentum-elérés
|